Ordo Romanus Primus: misa papal solemne. Roma, siglo VIII

Uloženo v:
Podrobná bibliografie
Hlavní autoři: Schuster, Ildefonso (Autor), Chavesse, Antoine (Autor), Batiffol, Pierre (Autor), Andrieu, Michel (Autor), Capelle, Bernard (Autor), Raffa, Vincenzo (Autor)
Médium: Kniha
Jazyk:latina
španělština
Vydáno: Barcelona Centre de Pastoral Liturgica 2011
Vydání:1a. ed
Edice:Cuadernos Phase, 201
Témata:
Tagy: Přidat tag
Žádné tagy, Buďte první, kdo vytvoří štítek k tomuto záznamu!

MARC

LEADER 00000cam a2200000 a 4500
001 UCE5001
003 CL-VaPUC
008 141127e20110500sp |||||||||||||||||lat|d
020 |a 9788498054866 
041 0 7 |a lat  |2 CL-VaPUC 
041 0 7 |a spa  |2 CL-VaPUC 
082 0 4 |a 264.36  |b SCH  |2 21 
100 0 |a Schuster, Ildefonso  |e author  |9 577497 
700 0 |a Chavesse, Antoine  |e author  |9 577498 
700 0 |a Batiffol, Pierre  |e author  |9 577499 
700 0 |a Andrieu, Michel  |e author  |9 577500 
700 0 |a Capelle, Bernard  |e author  |9 577501 
700 0 |a Raffa, Vincenzo  |e author  |9 577502 
245 1 0 |a Ordo Romanus Primus: misa papal solemne. Roma, siglo VIII 
250 |a 1a. ed 
300 |a 132 p 
942 |c BK 
945 |d 20141127 16:34:00  |a dcastane 
260 |a Barcelona  |b Centre de Pastoral Liturgica  |c 2011 
650 0 |a Misas   |9 375496 
650 0 |a Ceremonias religiosas  |9 337235 
650 7 |a EVANGELIO  |2 CL-VaPUC  |9 368586 
650 0 |a Iglesia Católica  |9 256114 
583 |a last modification  |c 20141127 16:34:00  |k Rodrigo Vera 
490 0 |a Cuadernos Phase, 201 
999 |c 357853  |d 357851 
952 |0 0  |1 0  |3 erb  |4 0  |6 264_360000000000000_SCH_2011  |7 0  |8 A  |9 465957  |a BIBTEO  |b BIBTEO  |i 512638K  |o 264.36 SCH 2011  |p 512638K  |r 2025-01-17  |w 2019-11-23  |y BK  |z Catalogado en:20141127  |k ICR